Memphis Grizzlies 2025-2026 Roster - Statistics

General Stats
  • This quiz has been taken 26 times
    14 since last reset
  • The average score is 8 of 17
Answer Stats
Jersey # Pos Answer % Correct
12 G Ja Morant
100%
45 F GG Jackson
86%
24 G Cam Spencer
71%
0 F Jaylen Wells
71%
14 C Zach Edey
71%
15 F Brandon Clarke
57%
23 G Cedric Coward
57%
7 F-C Santi Aldama
57%
2 G-F Ty Jerome
57%
10 G Javon Small
43%
3 G Kentavious Caldwell-Pope
29%
18 F Olivier-Maxence Prosper
29%
13 G Walter Clayton Jr
29%
21 G Jahmai Mashack
14%
5 F-G Kyle Anderson
14%
22 F Taylor Hendricks
14%
1 G Scotty Pippen Jr
0%
No matching quizzes found
Score Distribution
Percent of People with Each Score
Percentile by Number Answered
Your Score History
You have not taken this quiz since the last reset